5HLuxD.jpg

KING HENRY VIII SENIOR AND PRIMARY SCHOOL LIBRARY OPAC

Billie's big audition / (Record no. 1747)

000 -LEADER
fixed length control field 01229cam a2200289 i 4500
001 - CONTROL NUMBER
control field (Sirsi) a1039336
003 - CONTROL NUMBER IDENTIFIER
control field OSt
005 - DATE AND TIME OF LATEST TRANSACTION
control field 20230125151853.0
008 - FIXED-LENGTH DATA ELEMENTS--GENERAL INFORMATION
fixed length control field 190304s2017 enk c 000 1 eng d
020 ## - INTERNATIONAL STANDARD BOOK NUMBER
International Standard Book Number 9781405287173
Qualifying information (paperback) :
040 ## - CATALOGING SOURCE
Original cataloging agency CHA
Language of cataloging eng
Transcribing agency TAE
Description conventions rda
Modifying agency KH8
042 ## - AUTHENTICATION CODE
Authentication code nbic
082 0# - DEWEY DECIMAL CLASSIFICATION NUMBER
Classification number 813.6 WYA
100 1# - MAIN ENTRY--PERSONAL NAME
Personal name Wyatt, Kimberly,
Relator term author.
245 10 - TITLE STATEMENT
Title Billie's big audition /
Statement of responsibility, etc. Kimberly Wyatt.
264 #1 - PRODUCTION, PUBLICATION, DISTRIBUTION, MANUFACTURE, AND COPYRIGHT NOTICE
Place of production, publication, distribution, manufacture London :
Name of producer, publisher, distributor, manufacturer Egmont,
Date of production, publication, distribution, manufacture, or copyright notice 2017.
300 ## - PHYSICAL DESCRIPTION
Extent 214 pages ;
Dimensions 20 cm.
336 ## - CONTENT TYPE
Content type term text
Content type code txt
Source rdacontent.
337 ## - MEDIA TYPE
Media type term unmediated
Media type code n
Source rdamedia.
338 ## - CARRIER TYPE
Carrier type term volume
Carrier type code nc
Source rdacarrier.
490 0# - SERIES STATEMENT
Series statement World Elite dance academy ;
Volume/sequential designation [1]
520 ## - SUMMARY, ETC.
Summary, etc. Billie has dreamed of being a ballet dancer for as long as she can remember. Now she has an audition at WEDA - a world-famous contemporary dance school run by the inspirational Miss Murphy, whose motto is 'Never Say I Can't'. But will Billie be able to get over her nerves and win a place at her dream school? Join Billie and her new friends on a fierce, empowering and sometimes scary journey to dance stardom.
521 1# - TARGET AUDIENCE NOTE
Target audience note Ages 9-12.
650 #0 - SUBJECT ADDED ENTRY--TOPICAL TERM
Topical term or geographic name entry element Dance
General subdivision Juvenile fiction.
650 #0 - SUBJECT ADDED ENTRY--TOPICAL TERM
Topical term or geographic name entry element Dance schools
General subdivision Juvenile fiction.
942 ## - ADDED ENTRY ELEMENTS (KOHA)
Source of classification or shelving scheme
Koha item type Books - Non Ficton
Holdings
Withdrawn status Lost status Source of classification or shelving scheme Damaged status Not for loan Collection code Permanent Location Current Location Shelving location Date acquired Total Checkouts Full call number Barcode Date last seen Date last checked out Price effective from Koha item type
          Non-Fiction KH8 Primary School Library KH8 Primary School Library Non Fiction 2023-01-25 1 813.6 WYA KHPL000003496 2025-12-05 2025-01-08 2023-01-25 Books - Non Ficton

Powered By KH8 IT Dept